| 000 | 00608nam a2200205I 4500 | ||
|---|---|---|---|
| 999 |
_c2789 _d2789 |
||
| 001 | 903896 | ||
| 003 | OSt | ||
| 005 | 20181018162848.0 | ||
| 008 | 740530|1943||||||| |||| ||eng u | ||
| 040 |
_cHUC _dm.c. _dBSC |
||
| 082 |
_a366 _bR495L |
||
| 092 |
_a366.1 _bR496ℓ, 1943a |
||
| 100 | 1 |
_aRice, John R., _d1895- |
|
| 245 | 1 | 0 |
_aLodges examined by the Bible. _bIs it a sin for a Christian to have membership in secret orders? |
| 260 |
_aMurfreesboro, Tenn., _bSword of the Lord Publishers, _cc1943. |
||
| 300 |
_a80 p. _c20 cm. |
||
| 610 | 2 | 0 | _aFreemasons. |
| 650 | 0 | _aSecret societies. | |
| 942 |
_2ddc _cBK |
||